01381nam a2200337 a 4500001001000000005001700010041000800027044000800035084002000043100005000063245005400113260005900167300002900226440003200255500007100287500005600358500009300414500001000507546002400517650005700541650006100598650003900659650005000698700004700748700005000795740005000845902000800895942001100903999001500914952011400929BRCA_341220190320204253.0 aeng aenk a701b.H37c19301 aCervantes Saavedra, Miguel ded1547-1616921310aStories from Don QuixotecRetold by H. L. Havell. aLondres : Bombay : SidneybGeorge Harrap and Co.c1930 axix, 232 p.bil.c20 cm. 0aTold Through the Ages98955 aContenido : Prefacio del traductor. Texto compendiado de la novela aEdición : With 8 Illustrations by Ernest Marriott aEjemplar del todo igual al anterior [700]. Tela; lomo y plano adornados Lúdovik Osterc aQMB50 aTexto en : inglés14aNovela españolayÉpoca clásica, 1500-1700921514aLiteratura españolayÉpoca clásica, 1500-1700921614aNovela españolaySiglo XVII921714aDon Quijote (Personaje ficticio)eNovela92181 aHavell, Herbert Lordd?-1913eEditor989561 aMarriott, Ernestd1882-1918eIlustrador989570 aEl Ingenioso Hidalgo Don Quijote de la Mancha aQFM 2lcccB c3148d3148 00104070aBRCAbBRCAd2009-04-13iQMB50l0o701 .H37 1930 (QMB50)p3409r2019-03-22 00:00:00w2019-03-22yB